00462nam a2200157 a 450000100060000000300090000600800410001504000280005608200180008410000260010224500760012826000520020430000100025665000140026665000240028013106CO-ViMGA141112s2004 ck r 000 u spa d aCO-ViMGAbspacCO-ViMGA04a343.0062 C1511 aCamacho, Lara Ronaldo10aLa Doble imposicion de las sociedades por acciones y de los accionistas aBogotá : bUniversidad de Santo Tomas, c1980 a383p.14aIMPUESTOS14aSOCIEDADES ANONIMAS